| 000 | 01110nam a2200277 a 4500 | ||
|---|---|---|---|
| 001 | 25939 | ||
| 003 | CO-ViMGA | ||
| 005 | 20230915232139.0 | ||
| 008 | 141112s2004 ck r 000 u spa d | ||
| 020 | _a9786077075110 (Alfaomega) | ||
| 040 |
_aCO-ViMGA _bspa _cCO-ViMGA |
||
| 041 | _aspa | ||
| 082 | 0 | 4 | _a658 G45c |
| 100 | 1 |
_aGil Estallo, María de los Ángeles. _940475 |
|
| 245 | 1 | 0 |
_aCómo crear y hacer funcionar una empresa : _bconceptos e instrumentos / _cMaría de los Ángeles Gil Estallo ; con la colaboración de Fernando Giner de la Fuente. |
| 250 | _a8a. ed. revisada y actualizada. | ||
| 260 |
_aMadrid : _bESIC Editorial : _bAlfaomega Grupo Editor, _c2012. |
||
| 300 | _a682 p. : il. ; 23 cm. | ||
| 490 | _aAdministración. Empresas | ||
| 504 | _aIncluye bibliografías e índice. | ||
| 650 | 1 | 4 |
_aNuevas empresas - Administración. _940476 |
| 700 | 1 |
_aGiner de la Fuente, Fernando. _940477 |
|
| 942 |
_2ddc _cBK |
||
| 949 | _an n | ||
| 999 |
_c33176 _d33176 |
||